|
|
|
|
| LEADER |
00000nam0a2200000 4500 |
| 001 |
113199 |
| 005 |
20231101215117.0 |
| 035 |
|
|
|a (RuTPU)RU\TPU\book\122435
|
| 035 |
|
|
|a RU\TPU\book\122433
|
| 090 |
|
|
|a 113199
|
| 100 |
|
|
|a 20070406d1970 k y0rusy50 ca
|
| 101 |
0 |
|
|a rus
|
| 102 |
|
|
|a RU
|
| 105 |
|
|
|a a b 000zy
|
| 200 |
1 |
|
|a Котлы большой мощности
|e каталог-справочник
|f НИИИНФОРМТЯЖМАШ
|
| 210 |
|
|
|a Москва
|c НИИИНФОРМТЯЖМАШ
|d 1970
|
| 215 |
|
|
|a 142 с.
|c ил.
|
| 610 |
1 |
|
|a каталоги
|
| 610 |
1 |
|
|a паровые котлы
|
| 610 |
1 |
|
|a котлы водогрейные
|
| 610 |
1 |
|
|a котлоагрегаты
|
| 675 |
|
|
|a 621.181(085)
|v 3
|
| 712 |
0 |
2 |
|a НИИИНФОРМТЯЖМАШ
|9 24645
|
| 801 |
|
1 |
|a RU
|b 63413507
|c 20070406
|g PSBO
|
| 801 |
|
2 |
|a RU
|b 63413507
|c 20070407
|g PSBO
|
| 942 |
|
|
|c BK
|